Welcome to the Holygrace Academy Library

Please use search bar below to get started

VIEWLESS WINGS (Record no. 3873)

MARC details
000 -LEADER
fixed length control field 00264nam a22001217a 4500
082 ## - DEWEY DECIMAL CLASSIFICATION NUMBER
Classification number 821
Item number VIS/V
100 ## - MAIN ENTRY--AUTHOR NAME
Personal name VISWANATHAN R
245 ## - TITLE STATEMENT
Title VIEWLESS WINGS
260 ## - PUBLICATION, DISTRIBUTION, ETC. (IMPRINT)
Place of publication MADRAS
Name of publisher INDIAN OPEN UNIVERSITY BOOKS
300 ## - PHYSICAL DESCRIPTION
Number of Pages 145
650 ## - SUBJECT ADDED ENTRY--TOPICAL TERM
Topical Term POETRY
Geographic subdivision MADRAS
942 ## - ADDED ENTRY ELEMENTS (KOHA)
Koha item type Books
Holdings
Withdrawn status Lost status Collection code Home library Current library Shelving location Date acquired Source of acquisition Full call number Accession Number Koha item type
    Reference Main Library Main Library SHELF-16D -ENGLISH GRAMMAR ,POEMS 19/05/2009 PURCHASE 821 VIS/V 03438 Books